000 00328nam a22001337a 4500
008 170526b xxu||||| |||| 00| 0 eng d
020 _a0835967506
041 _aeng
080 _22ND
_a621.3
100 _a27
101 _aIM
245 _aROTATING ELECTRIC MACHINERY&TRANSFORMER TECHNOLOGY
_cRICHARDSON, D.V
942 _2udc
_cBK
999 _c14372
_d14372